000 00580nam a2200193Ia 4500
003 IN-BaIIA
008 211028s9999 xx 000 0 eng d
040 _cIIA Library
080 _a512.55
_bLAM
100 _aLambek, Joachim
_95152
245 0 _aLectures on rings and modules
_cJoachim Lambek
260 _aWaltham
_bBlaisdell Publishing
_c1966
300 _aviii, 183p
490 _aA blaisdell book in pure and applied mathematics
650 _aAlgebra
_91494
650 _aNASA thesaurus
650 _aRings
_95153
942 _cBK
999 _c2887
_d2887